From Master Student to Master Employee Based on Dave Ellis' Becoming a Masters Student, (Record no. 5821)

MARC details
005 - DATE AND TIME OF LATEST TRANSACTION
control field 20250628063802.0
020 ## - INTERNATIONAL STANDARD BOOK NUMBER
International Standard Book Number 978-0-618-95032-4
082 ## - DEWEY DECIMAL CLASSIFICATION NUMBER
Classification number 378.001FRO
111 ## - MAIN ENTRY--MEETING NAME
Meeting name or jurisdiction name as entry element From Master Student to Master Employee Based on Dave Ellis' Becoming a Master Student,
245 ## - TITLE STATEMENT
Title From Master Student to Master Employee Based on Dave Ellis' Becoming a Masters Student,
250 ## - EDITION STATEMENT
Edition statement 2nd Ed.
260 ## - PUBLICATION, DISTRIBUTION, ETC.
Place of publication, distribution, etc. New York,
Name of publisher, distributor, etc. Houghton Mifflin Company,
Date of publication, distribution, etc. 2009,
300 ## - PHYSICAL DESCRIPTION
Extent xi, 372p,: ill.; figure, picture, table
Other physical details Index
Dimensions 27.6cm
942 ## - ADDED ENTRY ELEMENTS (KOHA)
Source of classification or shelving scheme Dewey Decimal Classification
Koha item type Books

No items available.